Responses for Show #4738 - Wednesday, March 23, 2005

2005 Ultimate Tournament of Champions Round 1, game 31.

Contestants

[<< previous game]

Phoebe Juel, a bookseller from Sylva, North Carolina

Steve Berman, a teacher from Santa Monica, California

Brad Plovan, an attorney from Baltimore, Maryland

[next game >>]

Jeopardy! Round responses

HOMELAND SECURITY
BOB DYLAN CHRONICLES
(Alex: You have to identify the song.)
THE NORTHERNMOST CAPITAL CITY
ALSO A GUN MANUFACTURER
YOU BEAST!
THE SHORT FORM
(Alex: Each correct response will be an abbreviation, keep that in mind.)
    $200 2
a mule

Steve
    $200 24
(Phoebe: What is Hey, [*]?

"Mr. Tambourine Man"

Phoebe
    $200 16
Brussels

Phoebe
    $200 3
a colt

Phoebe
    $200 1
a stork

Phoebe
    $200 11
NOW

Steve
    $400 4
the Secret Service

Brad
    $400 27
"The Times They Are A-Changin'"

Steve
    $400 18
Cairo

Phoebe
    $400 22
Remington

Steve
    $400 5
an elephant

Phoebe
    $400 12
GU

Triple Stumper
    $600 8
Immigration

Triple Stumper
    $600 28
(Steve: What is "I ain't gonna work on [*] no more"?)
(Alex: That's good. We're just going for the title and you're giving us the entire lyrics. Thankfully, those lyrics include the title of the song!)
(Steve: [Chuckling] Sorry.)

"Maggie's Farm"

Steve
    $600 19
Manila

Steve
    $600 23
Rick Derringer

Triple Stumper
    $600 6
pheasants

Phoebe
    $600 13
ROTC

Steve
    $800 10
Justice

Steve
    $800 29
"Highway 61 Revisited"

Triple Stumper
    $800 20
(Alex: In Belize, yes.)

Belmopan

Steve
    $800 25
(Brad: What is Canterbury?)

Winchester

BradSteve
    $800 7
rat & pig

Phoebe
    $800 14
GATT

Phoebe
    $1000 17
a magnetic field

Brad
    $1000 30
"Forever Young"

Phoebe
    $1,800 21
(Steve: What is Rangoon?)

Hanoi

Steve
    $1000 26
(Robert) Browning

Steve
    $1000 9
bears

Brad
    $1000 15
BAFTA

Steve

Scores at the first commercial break (after clue 15):

Brad Steve Phoebe
$1,400 $2,800 $3,000

Scores at the end of the Jeopardy! Round:

Brad Steve Phoebe
$1,600 $5,600 $4,800

Double Jeopardy! Round responses

NATURE POETRY
BRUCE ALMIGHTY
ROUGH POLITICS
ROLL OVER, BEETHOVEN
MR. TEA
I PITY THE "FOOL"
    $400 2
a lilac

Phoebe
    $400 21
Bruce Springsteen

Brad
    $400 27
Kenneth Starr

Brad
    $400 11
(Brad: What is Beethoven's Ninth Symphony?)

the Fifth Symphony

Brad
Triple Stumper
    $400 3
a teabag

Brad
    $400 1
a fool's errand

Steve
    $800 7
Wordsworth

Steve
    $2,000 22
(Alex: Brad?)
(Brad: I'm sorry.)

Bruce Lee

Brad
    $800 24
Haldeman

Steve
    $800 12
[ERRATUM: Brad selected this clue, even though Steve should have been in control of the board. Possibly the result of an editing error if Steve was given another chance at "FOOL" $2000.]

deafness

Phoebe
    $800 4
(Brad: Who is Confucius?)

Buddha

BradPhoebe
    $800 6
foolproof

Phoebe
    $1200 13
a hawk

Phoebe
    $1200 23
Lenny Bruce

Steve
    $1200 25
Aaron Burr

Steve
    $1200 16
"The Moonlight Sonata"

Steve
    $1200 5
(Steve: Who is Jacob?)
(Alex: More specific.)
(Steve: Who is Jacob Astor?)
(Alex: No... No. Sorry, Steve. Jacob Astor was the father in Germany. [*] was one of the first U.S. millionaires.)

John Jacob (Astor)

Steve
Triple Stumper
    $1200 8
Ship of Fools

Steve
    $1600 14
a nightingale

Brad
    $1600 29
Bruce Willis

Phoebe
    $6,000 26
(Alex: Steve?)
(Steve: Who is Michael Dukakis?)

Gary Hart

Steve
    $1600 17
Elise

Brad
    $1600 19
Peter Stuyvesant

Triple Stumper
    $1600 9
The Motley Fool

Brad
    $2000 15
a cherry tree

Brad
    $2000 30
Bruce Beresford

Steve
    $2000 28
Wilbur Mills

Steve
    $2000 18
Eroica

Brad
    $2000 20
(Steve: Who is Charles?)
(Alex: Which one?)

Charles II

Steve
    $2000 10
(Steve: What's old fool?)
(Alex: No. Be more specific.)

There's no fool like an old fool

Steve

Scores at the end of the Double Jeopardy! Round:

Brad Steve Phoebe
$8,400 $13,200 $10,400

[wagering suggestions for these scores]

Final Jeopardy! Round responses

MAJOR LEAGUE BASEBALL
(Alex: Steve Berman started writing immediately. And he wrote down, "What are the [**] and the"...)
[Steve shakes his head vigorously.]
(Alex: Hmm?)
(Steve: [*].)
(Alex: Yeah, I'm starting at the bottom. 'Cause I can read [**]. I can't quite read [*]. But you're right. The [*]. $20,801 for you. You've been messing with us today, Steve.)
BradWhat are Muh
$3,999
PhoebeWhat are the Diamondbacks & the Marlins
$10,000
SteveWhat are Mariners & Marlins
$7,601
the Seattle Mariners & the Florida Marlins

Final scores:

Brad Steve Phoebe
$4,401 $20,801 $400
2nd place: $5,000 Winner: $20,801 + an advance to UToC Round 2 3rd place: $5,000

Game dynamics:

Coryat scores:

Brad Steve Phoebe
$10,400 $21,000 $10,400
11 R,
4 W
(including 1 DD)
23 R,
3 W
(including 2 DDs)
16 R,
0 W

Combined Coryat: $41,800

[game clues] [game scores] [suggest correction]

Game tape date: 2005-03-01
The J! Archive is created by fans, for fans. Scraping, republication, monetization, and malicious use prohibited; this site may use cookies and collect identifying information. See terms. The Jeopardy! game show and all elements thereof, including but not limited to copyright and trademark thereto, are the property of Jeopardy Productions, Inc. and are protected under law. This website is not affiliated with, sponsored by, or operated by Jeopardy Productions, Inc. Join the discussion at JBoard.tv.